000 00343 a2200157 4500
001 187591
020 _a85-10-00800-0
040 _cMagnum
100 _aCasasanta, Therezinha
240 1 0 _aO canguruzinho fujão
_lpor
245 1 0 _aO canguruzinho fujão
300 _a20
362 0 _a1996
697 _aLITERATURA INFANTIL
942 _cBK
999 _c187591
_d187591